Pôdoznalecké a ekonomické informácie pre hodnotenie pôd v rámci novej pozemkovej reformy.

Dostatok objektívnych a detailných pôdoznaleckých a ekologických podkladov, ktorými disponuje ČSFR. Fondy údajov, ktoré sú súčasťou pôdoznaleckých a ekologických informácií. Stav poľnohospodárskeho pôdneho fondu v SR.

Saved in:
Bibliographic Details
Main Author: Linkeš, V.
Format: Book Chapter
Language:Slovak
Subjects:
Tags: Add Tag
No Tags, Be the first to tag this record!

MARC

LEADER 00000naa a2200000 4500
001 r004907
005 20221125075850.6
041 0 |a slo 
044 |a [CS] 
245 1 0 |a Pôdoznalecké a ekonomické informácie pre hodnotenie pôd v rámci novej pozemkovej reformy.  |c V. Linkeš 
520 |a Dostatok objektívnych a detailných pôdoznaleckých a ekologických podkladov, ktorými disponuje ČSFR. Fondy údajov, ktoré sú súčasťou pôdoznaleckých a ekologických informácií. Stav poľnohospodárskeho pôdneho fondu v SR. 
610 2 0 |a fond pôdny 
610 2 0 |a poľnohospodárstvo 
610 2 0 |a Slovensko 
610 2 0 |a pôdohospodárstvo 
610 2 0 |a ekológia 
610 2 0 |a klasifikácia pôdy 
610 2 0 |a reformy pozemkové 
100 1 |a Linkeš, V.